000 00245nam a2200097Ia 4500
082 _aEJF FRAN
245 0 _aWhite Fang
100 _a FRANCIS, Pauline London, 2003
_999758
942 _cBK
008 210817s9999 xx 000 0 und d
999 _c424686
_d424685